[Event "Plzen, FSB A"]
[Site "?"]
[Date "2003.??.??"]
[Round "8.23"]
[White "Maurer, J."]
[Black "Barbet, L."]
[Result "1/2-1/2"]
[WhiteElo "2180"]
[BlackElo "1900"]
[PlyCount "38"]
[EventDate "2003.??.??"]
[Source "ChessBase"]
[SourceDate "1996.11.15"]

1. e4 c5 2. Nf3 e6 3. d4 cxd4 4. Nxd4 Nf6 5. Bd3 Nc6 6. Nxc6 bxc6 7. O-O d5 8.
Nd2 Be7 9. Qe2 O-O 10. b3 Qb6 11. Bb2 Nd7 12. c4 Re8 13. exd5 exd5 14. Rae1 Ba6
15. Qf3 Bf6 16. Qh3 g6 17. Bxf6 Nxf6 18. cxd5 cxd5 19. Bxa6 Qxa6 1/2-1/2

[Event "Plzen, FSB A"]
[Site "?"]
[Date "2003.??.??"]
[Round "8.24"]
[White "Vokac, M."]
[Black "Novacek, K."]
[Result "1-0"]
[WhiteElo "2490"]
[BlackElo "2116"]
[PlyCount "41"]
[EventDate "2003.??.??"]
[Source "ChessBase"]
[SourceDate "1996.11.15"]

1. e4 e5 2. Nf3 Nc6 3. Bb5 f5 4. Nc3 fxe4 5. Nxe4 Nf6 6. Nxf6+ Qxf6 7. d4 Nxd4
8. Nxd4 exd4 9. O-O c6 10. Qh5+ g6 11. Bg5 Qf5 12. Qh4 cxb5 13. Bf6 Rg8 14.
Rae1+ Kf7 15. Bxd4 Rg7 16. Re3 g5 17. Qg3 Kg8 18. Bxg7 Bxg7 19. Re8+ Kf7 20.
Rfe1 Qf4 21. Qd3 1-0

[Event "Plzen, FSB A"]
[Site "?"]
[Date "2003.??.??"]
[Round "8.25"]
[White "Horak, M."]
[Black "Toman, J."]
[Result "1/2-1/2"]
[WhiteElo "2341"]
[BlackElo "2107"]
[PlyCount "84"]
[EventDate "2003.??.??"]
[Source "ChessBase"]
[SourceDate "1996.11.15"]

1. e4 d6 2. d4 Nf6 3. Nc3 g6 4. Bc4 Bg7 5. Qe2 c6 6. e5 dxe5 7. dxe5 Nd5 8. Bd2
O-O 9. O-O-O Be6 10. Nf3 Nd7 11. h4 Qb8 12. Rde1 N7b6 13. Bxd5 Nxd5 14. Ng5
Nxc3 15. Bxc3 Bd5 16. h5 h6 17. hxg6 fxg6 18. Nf3 Bxf3 19. gxf3 Rf5 20. Reg1
Kh7 21. f4 Qf8 22. Qe4 Qf7 23. Rh4 Rf8 24. e6 Qg8 25. Rxg6 Kxg6 26. Rg4+ Kh7
27. Rxg7+ Qxg7 28. Bxg7 Kxg7 29. Qb4 Kf6 30. Qxb7 h5 31. Qxc6 Rxf4 32. Qc3+
Kxe6 33. Qe3+ Kd6 34. Qxa7 h4 35. Qb6+ Ke5 36. Qh6 R8f6 37. Qh5+ R6f5 38. Qh8+
Ke4 39. Qa8+ Ke5 40. Qh8+ Rf6 41. Qh5+ Kd6 42. b3 R6f5 1/2-1/2

[Event "Plzen, FSB A"]
[Site "?"]
[Date "2003.??.??"]
[Round "8.27"]
[White "Tuma, J."]
[Black "Kubikova, A."]
[Result "1/2-1/2"]
[WhiteElo "2138"]
[BlackElo "2170"]
[PlyCount "72"]
[EventDate "2003.??.??"]
[Source "ChessBase"]
[SourceDate "1996.11.15"]

1. e4 e6 2. d4 d5 3. e5 c5 4. c3 Qb6 5. Nf3 Bd7 6. a3 Bb5 7. b4 cxb4 8. Bxb5+
Qxb5 9. cxb4 Nc6 10. Nc3 Qb6 11. O-O Nge7 12. Qd3 Ng6 13. h4 h5 14. Bg5 Be7 15.
Na4 Qc7 16. Rac1 a6 17. Nc5 Bxc5 18. Rxc5 Qb6 19. Nd2 Nge7 20. Bxe7 Nxe7 21.
Rfc1 O-O 22. Qf3 g6 23. Nb3 Nc6 24. g4 Qd8 25. Qg3 hxg4 26. Qxg4 Kg7 27. h5 Rh8
28. hxg6 Rh6 29. Kf1 Rxg6 30. Qf4 Qh8 31. Na5 Qh3+ 32. Ke2 Rh8 33. Nxc6 Rh4 34.
R1c3 Qh1 35. Rc1 Qh3 36. R1c3 Qh1 1/2-1/2

[Event "Plzen, FSB A"]
[Site "?"]
[Date "2003.??.??"]
[Round "8.28"]
[White "Kratochvil, M."]
[Black "Cedikova, K."]
[Result "1/2-1/2"]
[WhiteElo "2102"]
[BlackElo "2168"]
[PlyCount "79"]
[EventDate "2003.??.??"]
[Source "ChessBase"]
[SourceDate "1996.11.15"]

1. d4 Nf6 2. c4 g6 3. Nc3 Bg7 4. e4 d6 5. f3 O-O 6. Be3 Nc6 7. Nge2 a6 8. Qd2
Rb8 9. g4 b5 10. O-O-O bxc4 11. h4 Nb4 12. Ng3 c5 13. h5 Bxg4 14. Bxc4 cxd4 15.
Bxd4 Qc7 16. Bb3 Be6 17. hxg6 Bxb3 18. gxh7+ Kh8 19. Nf5 Nxa2+ 20. Kb1 Nxc3+
21. Bxc3 Bxd1 22. Qg2 Rxb2+ 23. Bxb2 Bc2+ 24. Qxc2 Qxc2+ 25. Kxc2 Ne8 26. Nxe7
Bxb2 27. Kxb2 Nf6 28. Nf5 Nxh7 29. Nxd6 Kg7 30. Nf5+ Kg8 31. Rg1+ Kh8 32. Kc3
Nf6 33. Kd4 Re8 34. e5 Nd7 35. f4 f6 36. Nd6 fxe5+ 37. fxe5 Re7 38. Rh1+ Kg8
39. Rg1+ Kh7 40. Rh1+ 1/2-1/2

[Event "Plzen, FSB A"]
[Site "?"]
[Date "2003.??.??"]
[Round "8.30"]
[White "Cichy, M."]
[Black "Kopasov, E."]
[Result "1-0"]
[WhiteElo "2097"]
[BlackElo "2154"]
[PlyCount "57"]
[EventDate "2003.??.??"]
[Source "ChessBase"]
[SourceDate "1996.11.15"]

1. e4 c5 2. f4 d5 3. exd5 Qxd5 4. Nc3 Qe6+ 5. Qe2 Nc6 6. Nf3 Qd6 7. Ne4 Qxf4 8.
d3 Qc7 9. c3 e6 10. g3 Be7 11. Bf4 Qd8 12. d4 cxd4 13. Rd1 Nf6 14. Nxd4 Bd7 15.
Nxf6+ Bxf6 16. Nxc6 bxc6 17. Bg2 Qb6 18. Be3 Qb7 19. O-O Rd8 20. Qc4 Be7 21.
Rxd7 Kxd7 22. Rxf7 Rhf8 23. Bxc6+ Qxc6 24. Rxe7+ Kxe7 25. Qxc6 Rd1+ 26. Kg2
Rff1 27. Qc7+ Ke8 28. Bc5 Rf7 29. Qc8+ 1-0

[Event "Plzen, FSB A"]
[Site "?"]
[Date "2003.??.??"]
[Round "8.31"]
[White "Adamek, F."]
[Black "Londyn, R."]
[Result "1-0"]
[WhiteElo "2015"]
[BlackElo "2152"]
[PlyCount "79"]
[EventDate "2003.??.??"]
[Source "ChessBase"]
[SourceDate "1996.11.15"]

1. e4 b6 2. d4 Bb7 3. Nc3 e6 4. Be3 d6 5. Nf3 Nd7 6. Bd3 h6 7. Qe2 a6 8. h3 Ne7
9. O-O g5 10. Nh2 Ng6 11. f4 gxf4 12. Bxf4 Nxf4 13. Rxf4 Bg7 14. Qf2 c5 15. Ne2
cxd4 16. Rxf7 Bf6 17. Rxd7 Kxd7 18. Nxd4 Bxd4 19. Qxd4 e5 20. Qe3 Qc7 21. Rf1
Qc5 22. Qxc5 bxc5 23. Rf7+ Kc6 24. Ng4 h5 25. Ne3 Raf8 26. Re7 Kb6 27. Nc4+ Ka7
28. Nxd6 Rb8 29. Rxe5 Rh6 30. Nxb7 Rxb7 31. b3 Rc7 32. Rg5 h4 33. e5 Kb6 34. a4
a5 35. Kf2 Re7 36. Ke3 Kc6 37. Bb5+ Kd5 38. Bc4+ Kc6 39. Kf4 Re8 40. Bb5+ 1-0

[Event "Plzen, FSB A"]
[Site "?"]
[Date "2003.??.??"]
[Round "8.33"]
[White "Fales, A."]
[Black "Sochor, S."]
[Result "0-1"]
[WhiteElo "1937"]
[BlackElo "2141"]
[PlyCount "68"]
[EventDate "2003.??.??"]
[Source "ChessBase"]
[SourceDate "1996.11.15"]

1. e4 e6 2. d4 d5 3. Nd2 Nf6 4. e5 Nfd7 5. Bd3 c5 6. c3 Nc6 7. Ne2 cxd4 8. cxd4
f6 9. exf6 Nxf6 10. O-O Bd6 11. Nf3 Qc7 12. Bg5 O-O 13. Rc1 Bd7 14. Bb1 Be8 15.
Bh4 Bh5 16. Bg3 Bxf3 17. gxf3 Nh5 18. b4 a6 19. a4 Qd7 20. b5 axb5 21. axb5 Nd8
22. Qc2 g6 23. Bxd6 Qxd6 24. Ng3 Nf4 25. Rfe1 Qd7 26. Ne2 Qxb5 27. Nxf4 Rxf4
28. Qc7 Rxf3 29. Qe5 Rf7 30. Rc3 Qb2 31. Rc2 Qb3 32. f4 Qb4 33. Rce2 Nc6 34.
Qxe6 Nxd4 0-1

[Event "Plzen, FSB A"]
[Site "?"]
[Date "2003.??.??"]
[Round "8.34"]
[White "Jirasek, P."]
[Black "Kupka, F."]
[Result "1-0"]
[WhiteElo "2126"]
[BlackElo "2011"]
[PlyCount "96"]
[EventDate "2003.??.??"]
[Source "ChessBase"]
[SourceDate "1996.11.15"]

1. e4 c5 2. Nc3 Nc6 3. g3 g6 4. Bg2 Bg7 5. d3 d6 6. Be3 e6 7. Qd2 Rb8 8. f4
Nge7 9. Nge2 Nd4 10. O-O O-O 11. Nd1 Nxe2+ 12. Qxe2 Qc7 13. c3 e5 14. Qd2 exf4
15. Bxf4 f5 16. Ne3 b5 17. Rae1 Bb7 18. exf5 gxf5 19. Bg5 f4 20. Bxf4 Ng6 21.
Nd5 Qd7 22. Bg5 Rf5 23. Rxf5 Qxf5 24. Rf1 Qe6 25. c4 bxc4 26. dxc4 Bd4+ 27. Kh1
Rf8 28. Rxf8+ Kxf8 29. h4 Qg4 30. Kh2 Ne5 31. b3 Bc8 32. Qf4+ Bf5 33. Be7+ Kf7
34. Bxd6 Qxf4 35. gxf4 Nc6 36. Bh3 Bb1 37. Bd7 Nd8 38. a3 Ba2 39. Ba4 Nb7 40.
Bc7 Ke6 41. Kg3 Bb2 42. f5+ Kxf5 43. Bc6 Bxb3 44. Bxb7 Bxa3 45. Ne3+ Kg6 46.
Be4+ Kg7 47. Kf4 Bc1 48. Bd5 Bc2 1-0

[Event "Plzen, FSB A"]
[Site "?"]
[Date "2003.??.??"]
[Round "8.35"]
[White "Sedlacek, J."]
[Black "Hrbolka jr., L."]
[Result "1/2-1/2"]
[WhiteElo "2083"]
[BlackElo "2207"]
[PlyCount "29"]
[EventDate "2003.??.??"]
[Source "ChessBase"]
[SourceDate "1996.11.15"]

1. c4 g6 2. Nc3 Bg7 3. g3 d6 4. Bg2 e5 5. d3 f5 6. e4 Nc6 7. Nge2 Nf6 8. O-O
O-O 9. Nd5 Ne7 10. f4 c6 11. Nxf6+ Bxf6 12. Rb1 Be6 13. b3 Qb6+ 14. Kh1 Rad8
15. Qc2 1/2-1/2

[Event "Plzen, FSB A"]
[Site "?"]
[Date "2003.??.??"]
[Round "8.36"]
[White "Hrbolka sr., L."]
[Black "Kalista, K."]
[Result "1-0"]
[WhiteElo "2174"]
[BlackElo "2074"]
[PlyCount "55"]
[EventDate "2003.??.??"]
[Source "ChessBase"]
[SourceDate "1996.11.15"]

1. d4 Nf6 2. c4 g6 3. Nc3 Bg7 4. e4 d6 5. f4 O-O 6. Nf3 c5 7. d5 a6 8. Bd3 Bg4
9. h3 Bxf3 10. Qxf3 Nbd7 11. O-O Rb8 12. a4 Ne8 13. Bd2 Nc7 14. Rae1 b6 15. Re2
e6 16. Qg3 exd5 17. cxd5 b5 18. axb5 axb5 19. e5 c4 20. Bb1 Nc5 21. f5 Bxe5 22.
Rxe5 dxe5 23. Bh6 Qd6 24. Qh4 Qd8 25. Bg5 f6 26. fxg6 Qd7 27. Rxf6 Rxf6 28.
gxh7+ 1-0

[Event "Plzen, FSB A"]
[Site "?"]
[Date "2003.??.??"]
[Round "8.37"]
[White "Cvikl, M."]
[Black "Pech, V."]
[Result "0-1"]
[WhiteElo "2078"]
[BlackElo "2171"]
[PlyCount "90"]
[EventDate "2003.??.??"]
[Source "ChessBase"]
[SourceDate "1996.11.15"]

1. c4 g6 2. Nc3 Bg7 3. g3 d6 4. Bg2 e5 5. d3 Nc6 6. Rb1 a5 7. a3 f5 8. Bd2 Nf6
9. b4 axb4 10. axb4 O-O 11. e3 f4 12. b5 fxe3 13. Bxe3 Nd4 14. h3 Nd7 15. Nf3
Nc5 16. Kf1 Ra3 17. Qc1 Rxc3 18. Qxc3 Nxf3 19. Qc2 Nd4 20. Bxd4 exd4 21. Bd5+
Kh8 22. Kg2 Bf5 23. Rbd1 Qf6 24. Rhf1 g5 25. f4 gxf4 26. Rxf4 Qg6 27. Rf3 Be6
28. Rxf8+ Bxf8 29. Bxe6 Qxe6 30. Qf2 Bg7 31. Ra1 h6 32. Qf3 Qg6 33. Ra3 Kh7 34.
Kf2 Be5 35. g4 Kg7 36. Ke2 Qg5 37. Ra8 Bf6 38. Ra1 Qe5+ 39. Kf1 Qe3 40. Qxe3
dxe3 41. Ra8 Bd4 42. Ke2 Ne6 43. Kf3 Nf4 44. Re8 Nxd3 45. Ke4 Ne5 0-1

[Event "Plzen, FSB A"]
[Site "?"]
[Date "2003.??.??"]
[Round "8.38"]
[White "Bujak, M."]
[Black "Houska, J."]
[Result "1/2-1/2"]
[WhiteElo "2159"]
[BlackElo "2056"]
[PlyCount "125"]
[EventDate "2003.??.??"]
[Source "ChessBase"]
[SourceDate "1996.11.15"]

1. e4 c5 2. Nf3 d6 3. d4 cxd4 4. Nxd4 Nf6 5. Nc3 a6 6. Bg5 e6 7. f4 Be7 8. Qf3
h6 9. Bxf6 Bxf6 10. O-O-O Qb6 11. Nb3 Qc7 12. Bd3 Nc6 13. Rhe1 Bd7 14. Ne2 h5
15. Kb1 O-O-O 16. c3 Kb8 17. Ned4 b5 18. e5 dxe5 19. Nc5 Ka7 20. Nxc6+ Bxc6 21.
Qf2 Qb6 22. fxe5 Be7 23. b4 Bxc5 24. bxc5 Qc7 25. Bc2 Bd5 26. Bb3 Kb8 27. Bxd5
Rxd5 28. Rxd5 exd5 29. e6 Re8 30. exf7 Rxe1+ 31. Kb2 Re2+ 32. Qxe2 Qxf7 33.
Qe5+ Qc7 34. Qxd5 Qxh2 35. Qd8+ Kb7 36. Qb6+ Kc8 37. Qxa6+ Kc7 38. Qb6+ Kc8 39.
Qc6+ Kd8 40. Qa8+ Kc7 41. Qa7+ Kc8 42. Qxg7 Qf4 43. Qd4 Qg5 44. Qf2 Qg4 45.
Qf8+ Kd7 46. Qd6+ Kc8 47. Qc6+ Kd8 48. Qd5+ Kc8 49. c6 Qe2+ 50. Kb3 Kc7 51. a3
h4 52. a4 bxa4+ 53. Kxa4 Qc2+ 54. Kb5 Qb2+ 55. Kc4 Qa2+ 56. Kc5 Qf2+ 57. Kc4
Qa2+ 58. Kd4 Qd2+ 59. Ke5 Qg5+ 60. Ke6 Qg8+ 61. Ke5 Qg5+ 62. Kd4 Qd2+ 63. Kc4
1/2-1/2

[Event "Plzen, FSB A"]
[Site "?"]
[Date "2003.??.??"]
[Round "8.39"]
[White "Kolar, J."]
[Black "Ondrejat, M."]
[Result "1/2-1/2"]
[WhiteElo "2063"]
[BlackElo "2133"]
[PlyCount "49"]
[EventDate "2003.??.??"]
[Source "ChessBase"]
[SourceDate "1996.11.15"]

1. d4 Nf6 2. c4 e6 3. Nc3 Bb4 4. e3 O-O 5. Bd3 d5 6. Nf3 b6 7. cxd5 exd5 8. Qc2
Re8 9. O-O a6 10. a3 Bd6 11. e4 dxe4 12. Nxe4 Bb7 13. Nxf6+ gxf6 14. Bxh7+ Kg7
15. h3 Bxf3 16. gxf3 Rh8 17. Bf5 Nd7 18. Qe4 Nf8 19. Bf4 Bxf4 20. Qxf4 Ng6 21.
Bxg6 fxg6 22. Rac1 Rc8 23. Kg2 Qd7 24. Qg4 Qd6 25. Qg3 1/2-1/2

[Event "Plzen, FSB A"]
[Site "?"]
[Date "2003.??.??"]
[Round "8.40"]
[White "Jaros, M."]
[Black "Bartonicek sr., Z."]
[Result "1-0"]
[WhiteElo "1997"]
[BlackElo "2127"]
[PlyCount "87"]
[EventDate "2003.??.??"]
[Source "ChessBase"]
[SourceDate "1996.11.15"]

1. e4 c5 2. c3 d5 3. exd5 Qxd5 4. d4 Nf6 5. Nf3 e6 6. Be2 Be7 7. O-O cxd4 8.
cxd4 O-O 9. Nc3 Qd6 10. Bc4 a6 11. Qe2 b5 12. Bb3 Bb7 13. Rd1 Nbd7 14. Ne5 Nb6
15. Bf4 Qd8 16. Bc2 Nbd5 17. Bg5 Nxc3 18. bxc3 Qd5 19. f3 Qd8 20. a4 Qc7 21.
Qd3 g6 22. axb5 axb5 23. Rxa8 Bxa8 24. Rb1 b4 25. cxb4 Nd5 26. Bxe7 Qxe7 27. b5
Rc8 28. Qd2 Qa7 29. h3 Qa2 30. Rc1 Qb2 31. Kh2 Nb4 32. Qf4 f5 33. Rb1 Qc3 34.
Bb3 Bd5 35. Bxd5 Nxd5 36. Qh4 Qc2 37. Ra1 Ne3 38. Qg5 Qd2 39. f4 Qxd4 40. Qf6
Qxf4+ 41. Kh1 Ng4 42. Qxe6+ Kg7 43. Ra7+ Kh8 44. Rxh7+ 1-0

[Event "Plzen, FSB A"]
[Site "?"]
[Date "2003.??.??"]
[Round "8.41"]
[White "Beneteau, H."]
[Black "Beran, B."]
[Result "0-1"]
[WhiteElo "2109"]
[BlackElo "1935"]
[PlyCount "102"]
[EventDate "2003.??.??"]
[Source "ChessBase"]
[SourceDate "1996.11.15"]

1. d4 d5 2. e3 Bf5 3. Nd2 c6 4. f4 Nf6 5. Ngf3 e6 6. c4 Be7 7. Qb3 Qc7 8. Ne5
Nbd7 9. Ndf3 Nxe5 10. Nxe5 Nd7 11. Bd2 Nxe5 12. fxe5 Be4 13. Bb4 Bh4+ 14. Kd2
Be7 15. Rc1 O-O 16. Bd3 Bxb4+ 17. Qxb4 Bxd3 18. Kxd3 f6 19. exf6 Rxf6 20. Rc2
Qf7 21. Re2 Qg6+ 22. Kd2 Rf7 23. Qb3 Raf8 24. Qd3 Qg5 25. c5 Rf2 26. Rg1 e5 27.
Kd1 e4 28. Qd2 Qh4 29. Qe1 Qf6 30. Rh1 Qf5 31. Rxf2 Qxf2 32. Qe2 Qh4 33. g3 Qh6
34. Rg1 Rf3 35. Kd2 Qf6 36. Rg2 h6 37. a3 b6 38. cxb6 axb6 39. Ke1 c5 40. dxc5
bxc5 41. Rf2 Rxf2 42. Qxf2 Qe5 43. Qc2 d4 44. Qc4+ Kh7 45. exd4 cxd4 46. a4 d3
47. Qb5 Qf6 48. Qh5 e3 49. Qa5 Qf2+ 50. Kd1 Qe2+ 51. Kc1 Qc2# 0-1

[Event "Plzen, FSB A"]
[Site "?"]
[Date "2003.??.??"]
[Round "8.42"]
[White "Skacel, J."]
[Black "Toman, J."]
[Result "1/2-1/2"]
[WhiteElo "2093"]
[BlackElo "1940"]
[PlyCount "83"]
[EventDate "2003.??.??"]
[Source "ChessBase"]
[SourceDate "1996.11.15"]

1. c4 g6 2. Nc3 Bg7 3. d4 Nf6 4. e4 d6 5. Nf3 O-O 6. Be2 Bg4 7. Be3 Bxf3 8.
Bxf3 e5 9. d5 Ne8 10. Be2 f5 11. f3 f4 12. Bf2 Nf6 13. O-O g5 14. c5 h5 15. Rc1
a6 16. Qb3 Nbd7 17. c6 Nb6 18. a4 bxc6 19. dxc6+ Kh8 20. Qe6 Nc8 21. b4 Re8 22.
Qb3 Rg8 23. Bc4 Rf8 24. b5 axb5 25. axb5 g4 26. Nd5 Nxd5 27. Bxd5 Qg5 28. Be1
Nb6 29. Bc3 Ra4 30. Kh1 h4 31. fxg4 Qxg4 32. Rf3 Rfa8 33. Be6 Qh5 34. Qd1 Rxe4
35. Qd3 Rea4 36. Bb3 Ra3 37. Bb2 R3a7 38. Rh3 Bf6 39. Rf1 Kg7 40. g3 fxg3 41.
hxg3 Qg6 42. Qf3 1/2-1/2

[Event "Plzen, FSB A"]
[Site "?"]
[Date "2003.??.??"]
[Round "8.43"]
[White "Pravdik, K."]
[Black "Reitinger, P."]
[Result "0-1"]
[WhiteElo "1893"]
[BlackElo "2083"]
[PlyCount "98"]
[EventDate "2003.??.??"]
[Source "ChessBase"]
[SourceDate "1996.11.15"]

1. e4 e6 2. d4 d5 3. Nc3 Nf6 4. e5 Nfd7 5. Nce2 c5 6. f4 cxd4 7. Nxd4 Nc6 8.
Ngf3 Be7 9. c3 Nc5 10. Be3 a5 11. Qc2 Bd7 12. h4 Ne4 13. Bd3 Nxd4 14. Bxd4 Ng3
15. Rh3 Nf5 16. Bxf5 exf5 17. h5 Be6 18. Bf2 O-O 19. Nd4 Bc5 20. O-O-O Bxd4 21.
Rxd4 b5 22. h6 g6 23. Bh4 Qd7 24. Bf6 Rfc8 25. Qf2 b4 26. Qh4 Kf8 27. Qf2 Qb5
28. Rd2 Rc4 29. Rhd3 Rac8 30. Qe3 a4 31. Kd1 bxc3 32. Rxc3 Rxc3 33. bxc3 Qf1+
34. Kc2 Rb8 35. Rd1 Qxg2+ 36. Rd2 Qf1 37. Rd1 Qc4 38. Qa7 Qxa2+ 39. Kd3 Qc4+
40. Kc2 Rc8 41. Rd3 Kg8 42. Bg5 Qa2+ 43. Kd1 Qa3 44. Kd2 Qb2+ 45. Kd1 a3 46.
Rd2 Qxc3 47. Ke2 Qc4+ 48. Rd3 a2 49. Qa5 d4 0-1

[Event "Plzen, FSB A"]
[Site "?"]
[Date "2003.??.??"]
[Round "8.44"]
[White "Brom, J."]
[Black "Hajek, J."]
[Result "1/2-1/2"]
[WhiteElo "2201"]
[BlackElo "2029"]
[PlyCount "63"]
[EventDate "2003.??.??"]
[Source "ChessBase"]
[SourceDate "1996.11.15"]

1. e4 Nf6 2. e5 Nd5 3. d4 d6 4. Nf3 Bg4 5. Be2 c6 6. O-O Bxf3 7. Bxf3 dxe5 8.
dxe5 e6 9. Qe2 Nd7 10. c4 Ne7 11. b3 Qc7 12. Bb2 Ng6 13. Be4 Ngxe5 14. Nc3 h5
15. h3 O-O-O 16. f4 Bc5+ 17. Kh1 Ng4 18. Na4 Ngf6 19. Bxf6 gxf6 20. Nxc5 Nxc5
21. Rad1 Rxd1 22. Rxd1 Qxf4 23. Bf3 h4 24. b4 Nd7 25. b5 c5 26. Bxb7+ Kc7 27.
Bc6 Nb6 28. Qd3 f5 29. Qc3 Rd8 30. Rxd8 Kxd8 31. Qf6+ Kc8 32. Qxf7 1/2-1/2

[Event "Plzen, FSB A"]
[Site "?"]
[Date "2003.??.??"]
[Round "8.45"]
[White "Vrchotka, J."]
[Black "Micka, V."]
[Result "0-1"]
[WhiteElo "2140"]
[BlackElo "1982"]
[PlyCount "46"]
[EventDate "2003.??.??"]
[Source "ChessBase"]
[SourceDate "1996.11.15"]

1. e4 e6 2. d4 d5 3. Nd2 Nf6 4. e5 Nfd7 5. f4 c5 6. c3 Nc6 7. Ndf3 Qb6 8. Bd3
cxd4 9. cxd4 Bb4+ 10. Kf2 Nxd4 11. Be3 Bc5 12. b4 Qxb4 13. Rb1 Qc3 14. Rc1 Qb2+
15. Kf1 Nxf3 16. Bxc5 Nxc5 17. Rxc5 Nd2+ 18. Ke1 Nc4 19. Bxc4 Qb4+ 20. Qd2 Qxc5
21. Bb3 Bd7 22. Ne2 Rc8 23. g4 O-O 0-1

[Event "Plzen, FSB A"]
[Site "?"]
[Date "2003.??.??"]
[Round "8.46"]
[White "Vinklarek, O."]
[Black "Horak, J."]
[Result "1/2-1/2"]
[WhiteElo "2061"]
[BlackElo "2138"]
[PlyCount "49"]
[EventDate "2003.??.??"]
[Source "ChessBase"]
[SourceDate "1996.11.15"]

1. e4 c5 2. Nf3 Nc6 3. d4 cxd4 4. Nxd4 Nf6 5. Nc3 e5 6. Ndb5 d6 7. Bg5 a6 8.
Na3 b5 9. Nd5 Be7 10. Bxf6 Bxf6 11. c3 Ne7 12. Nxf6+ gxf6 13. Nc2 Bb7 14. f3 f5
15. exf5 Nxf5 16. Qd2 Qh4+ 17. Qf2 Qxf2+ 18. Kxf2 Ke7 19. Bd3 Nh4 20. Ne3 Ke6
21. Rhe1 d5 22. Rad1 Rag8 23. Bc2 Ng6 24. Rd2 Ne7 25. Bb3 1/2-1/2

[Event "Plzen, FSB A"]
[Site "?"]
[Date "2003.??.??"]
[Round "8.47"]
[White "Kamenik, M."]
[Black "Huisman, H."]
[Result "0-1"]
[WhiteElo "2057"]
[BlackElo "2135"]
[PlyCount "134"]
[EventDate "2003.??.??"]
[Source "ChessBase"]
[SourceDate "1996.11.15"]

1. e4 d5 2. exd5 Nf6 3. Nc3 Nxd5 4. Bc4 e6 5. Nf3 Nxc3 6. bxc3 Bd6 7. d4 O-O 8.
O-O b6 9. Bd3 h6 10. Be4 c6 11. c4 Bb7 12. Bb2 Nd7 13. Qe2 Nf6 14. Bd3 Qc7 15.
Ne5 c5 16. dxc5 bxc5 17. f4 Rab8 18. Bc3 Nd7 19. Rae1 Rbe8 20. Nxd7 Qxd7 21.
Qg4 f5 22. Qh3 Qc7 23. Qg3 Rf7 24. Be2 Ree7 25. Bh5 Rf8 26. Be5 Rd8 27. Bf6
Rdd7 28. Bxe7 Rxe7 29. Bg6 Be4 30. h4 Bxc2 31. h5 Qb6 32. Re2 Be4 33. Rfe1 Qc7
34. Rxe4 fxe4 35. Rxe4 Qb6 36. Qd3 Bc7 37. Kh2 Qd6 38. Qe3 e5 39. f5 Ba5 40.
Qa3 Bd2 41. g3 Bg5 42. Qf3 Rd7 43. Kh3 Bf6 44. Re3 Rd8 45. Rb3 Qd4 46. Rb7 e4
47. Bf7+ Kh8 48. Qe2 Qe5 49. Bd5 e3 50. g4 Qd4 51. Rb3 Bg5 52. Kg2 Re8 53. Be6
Qe4+ 54. Kg1 a5 55. Bd5 Qf4 56. Be6 Rd8 57. Bd5 a4 58. Rb1 Bh4 59. Kh1 Rxd5 60.
cxd5 Qe4+ 61. Kh2 Qxb1 62. Qxe3 Qxa2+ 63. Kg1 Qa1+ 64. Kg2 Qb2+ 65. Kh1 Qb1+
66. Kg2 Qc2+ 67. Kh1 Qd1+ 0-1

[Event "Plzen, FSB A"]
[Site "?"]
[Date "2003.??.??"]
[Round "8.48"]
[White "Vlcek, J."]
[Black "Postupa, P."]
[Result "1/2-1/2"]
[WhiteElo "1840"]
[BlackElo "2132"]
[PlyCount "64"]
[EventDate "2003.??.??"]
[Source "ChessBase"]
[SourceDate "1996.11.15"]

1. d4 Nf6 2. c4 e6 3. Nc3 c5 4. Nf3 b6 5. Bg5 Be7 6. e3 Bb7 7. Be2 d6 8. O-O
O-O 9. Qc2 Nc6 10. Rad1 a6 11. a3 h6 12. Bxf6 Bxf6 13. dxc5 bxc5 14. Ne4 Be7
15. Nxc5 Bc8 16. b4 Qc7 17. Ne4 f5 18. Nc3 Bf6 19. Nd5 exd5 20. cxd5 Bb7 21.
dxc6 Qxc6 22. Qxc6 Bxc6 23. Rxd6 Ba4 24. Rxa6 Bb2 25. b5 f4 26. Rb1 Bc3 27.
exf4 Rfb8 28. Ne5 Rxa6 29. Nd7 Rab6 30. Nxb8 Rxb8 31. b6 Bc6 32. Ba6 Bb7
1/2-1/2

[Event "Plzen, FSB A"]
[Site "?"]
[Date "2003.??.??"]
[Round "8.49"]
[White "Sladek, J."]
[Black "Vrana, J."]
[Result "1/2-1/2"]
[WhiteElo "2081"]
[BlackElo "1855"]
[PlyCount "52"]
[EventDate "2003.??.??"]
[Source "ChessBase"]
[SourceDate "1996.11.15"]

1. e4 e5 2. Nf3 Nf6 3. Bc4 Nxe4 4. Nc3 Nf6 5. Nxe5 d5 6. Bb3 c6 7. d4 Be7 8.
Be3 O-O 9. f3 Be6 10. Ne2 Nbd7 11. Nxd7 Qxd7 12. Qd2 b6 13. c3 a5 14. Bc2 Bf5
15. g4 Bxc2 16. Qxc2 Bd6 17. Bg5 Ne8 18. O-O-O Nc7 19. Bf4 b5 20. h4 Rfe8 21.
Bxd6 Qxd6 22. Qd2 Qe6 23. Nf4 Qe3 24. Rhf1 f6 25. Rde1 Qxd2+ 26. Kxd2 Kf7
1/2-1/2

[Event "Plzen, FSB A"]
[Site "?"]
[Date "2003.??.??"]
[Round "8.50"]
[White "Choisy, M."]
[Black "Vladyka, V."]
[Result "1-0"]
[WhiteElo "2024"]
[BlackElo "2079"]
[PlyCount "75"]
[EventDate "2003.??.??"]
[Source "ChessBase"]
[SourceDate "1996.11.15"]

1. e4 e5 2. Nc3 Nc6 3. g3 Nf6 4. Bg2 d6 5. Nge2 Be6 6. O-O Qd7 7. f4 Bh3 8. d4
Bxg2 9. Kxg2 exd4 10. Nxd4 O-O-O 11. Be3 Kb8 12. b4 Be7 13. b5 Na5 14. Nb3 Nc4
15. Bg1 h5 16. Qd4 Nb6 17. h4 Qe6 18. Nd2 Nfd7 19. a4 Bf6 20. Qe3 Nc5 21. a5
Nc4 22. Nxc4 Qxc4 23. e5 Be7 24. b6 cxb6 25. axb6 a6 26. Rfd1 Ne6 27. f5 Qc6+
28. Kh2 Nc5 29. Nd5 Bf8 30. e6 fxe6 31. fxe6 Nxe6 32. Qxe6 Qxc2+ 33. Kh1 g5 34.
Rac1 Qb3 35. Qf7 Rh7 36. Qc7+ Rxc7 37. bxc7+ Kc8 38. Nb6+ 1-0

[Event "Plzen, FSB A"]
[Site "?"]
[Date "2003.??.??"]
[Round "8.51"]
[White "Kratochvil, J."]
[Black "Snaidr, J."]
[Result "1/2-1/2"]
[WhiteElo "1977"]
[BlackElo "2063"]
[PlyCount "100"]
[EventDate "2003.??.??"]
[Source "ChessBase"]
[SourceDate "1996.11.15"]

1. e4 c5 2. Nf3 d6 3. d4 cxd4 4. Nxd4 Nf6 5. Nc3 Nc6 6. Bg5 e6 7. Qd2 a6 8.
O-O-O Bd7 9. f4 h6 10. Bh4 Be7 11. Bxf6 gxf6 12. Nxc6 Bxc6 13. Qe1 Qa5 14. Bd3
b5 15. Kb1 b4 16. Ne2 Qc5 17. Qg1 d5 18. Qxc5 Bxc5 19. Ng3 Rg8 20. exd5 Bxd5
21. Be4 Bxe4 22. Nxe4 Be7 23. g3 f5 24. Nd6+ Bxd6 25. Rxd6 Ke7 26. Rd4 Rab8 27.
Rhd1 Rgd8 28. Kc1 Rxd4 29. Rxd4 f6 30. Kd2 e5 31. Rc4 Kd7 32. Ke3 Rb6 33. g4
fxg4 34. fxe5 f5 35. Kf4 Ke6 36. Rc8 Rb5 37. Rc6+ Kd5 38. Rxh6 Ra5 39. Kxf5
Rxa2 40. e6 Ra1 41. e7 Re1 42. Rxa6 Rxe7 43. Kxg4 Rc7 44. c3 bxc3 45. bxc3 Rxc3
46. h4 Ke5 47. h5 Rc1 48. h6 Rg1+ 49. Kh5 Kf5 50. Ra5+ Kf6 1/2-1/2

[Event "Plzen, FSB A"]
[Site "?"]
[Date "2003.??.??"]
[Round "8.53"]
[White "Prazak, O."]
[Black "Kovarik, J."]
[Result "1/2-1/2"]
[WhiteElo "2010"]
[BlackElo "2007"]
[PlyCount "47"]
[EventDate "2003.??.??"]
[Source "ChessBase"]
[SourceDate "1996.11.15"]

1. e4 c5 2. Nc3 Nc6 3. g3 Nf6 4. Bg2 d6 5. d3 g6 6. h3 Bg7 7. Be3 O-O 8. Nge2
Bd7 9. O-O Rc8 10. Qd2 Re8 11. f4 e6 12. Rae1 a6 13. d4 cxd4 14. Nxd4 Nxd4 15.
Bxd4 Bc6 16. Kh2 d5 17. exd5 Nxd5 18. Bxg7 Kxg7 19. Nxd5 Bxd5 20. Bxd5 Qxd5 21.
Qxd5 exd5 22. Rxe8 Rxe8 23. Rf2 d4 24. Rd2 1/2-1/2

[Event "Plzen, FSB A"]
[Site "?"]
[Date "2003.??.??"]
[Round "8.54"]
[White "Letourneur, A."]
[Black "Kovar, J."]
[Result "0-1"]
[WhiteElo "1830"]
[BlackElo "1922"]
[PlyCount "64"]
[EventDate "2003.??.??"]
[Source "ChessBase"]
[SourceDate "1996.11.15"]

1. e4 c5 2. Nc3 a6 3. g3 b5 4. Bg2 Bb7 5. d3 g6 6. Be3 d6 7. Nf3 Bg7 8. Qc1 Nc6
9. O-O Nd4 10. Bxd4 cxd4 11. Ne2 Qb6 12. b3 e5 13. a4 Rc8 14. axb5 axb5 15. Qb2
Ne7 16. Nd2 O-O 17. f4 f5 18. fxe5 dxe5 19. h3 Bh6 20. Nf3 Qc5 21. Ne1 Bd2 22.
Ra2 fxe4 23. Qb1 Rxf1+ 24. Kxf1 Nd5 25. Bxe4 Qf8+ 26. Nf3 Ne3+ 27. Kg1 Bxe4 28.
Nxd2 Bf3 29. Nc1 Qf5 30. g4 Bxg4 31. hxg4 Qxg4+ 32. Kf2 Rf8+ 0-1